| 000 | 01050nam a22002657a 4500 | ||
|---|---|---|---|
| 999 |
_c5593 _d5593 |
||
| 003 | OSt | ||
| 005 | 20251009083440.0 | ||
| 008 | 251009b ||||| |||| 00| 0 eng d | ||
| 020 | _a9781409591528 | ||
| 040 | _cKH8 | ||
| 082 | _aFIC DAY | ||
| 100 |
_aDaynes, Katie, _eauthor. |
||
| 245 |
_aAli Baba and the Forty Thieves / _cretold by Katie Daynes ; illustrated by Paddy Mounter. |
||
| 260 |
_aEngland ; _bUsborne Publishing Ltd , _c2007. |
||
| 300 |
_a48 pages : _bcolor illustrations ; _c20 cm. |
||
| 490 |
_aUsborne Young Reading _vSeries one |
||
| 520 | _aAli Baba has discovered a cave full of treasure. It's a dream come true! Or is it? For soon he has a nosy brother and forty thieves to deal with. Even worse, the leader of the thieves - a master of disguise - is after his blood. Things are about to get messy... | ||
| 650 |
_aEasy reading _vfiction |
||
| 650 |
_aStory telling _vfiction |
||
| 650 | _aTreasure | ||
| 650 | _aThieves | ||
| 700 |
_aMounter, Paddy, _eillustrator. |
||
| 830 | _aUsborne Young Reading | ||
| 942 |
_2ddc _cFIC |
||